000 00371cam a2200145ua 4500
003 OSt
008 230127b |||||||| |||| 00| 0 eng d
041 _amal
082 _a632
_bJOS/SA
100 _aJoseph, A K .
_95368
245 _aSasyaparisthithivinjanam
260 _aThiruvananthapuram :
_bState Instititute of Languages ,
_c1970.
300 _a190 ; .
942 _cBK
999 _c4687
_d4687